Générique Ken le survivant - Paroles - Statistiques

Statistiques générales
  • Ce quiz a été pris 66 fois
  • Le résultat moyen est 10 sur 12
Statistiques - réponses
Paroles % Correct
Ken, souvent croise le {fer}
98%
Ken, survivant de l'{enfer}
98%
Il fait respecter la {loi}
93%
Ken, contre les fous, les {bandits}
86%
Ken, souvent croise le {fer}
86%
Ken, survivant de l'{enfer}
86%
Ken, contre les fous, les {bandits}
80%
Ken, dans le chaos, les {esprits}
75%
Ken, dans le chaos, les {esprits}
71%
Des plus grands maîtres {chinois}
69%
Il est l'{héritier}
58%
Héros du {futur}
56%
Aucun quiz correspondant
Distribution des résultats
% des personnes avec chaque résultat
Percentile par nombre de réponses
Votre historique - résultats
Vous n’avez pas pris ce quiz